000 01073pam a2200349 a 4500
999 _c6063
_d6063
001 014921013
003 Uk
005 20260203112639.0
008 080324s2009 nyu d 000 0 kor
010 _a 2008013648
015 _aGBA922884
_2bnb
016 7 _a014921013
_2Uk
020 _a9780781812344 (pbk.)
040 _aStDuBDS
_beng
_cStDuBDS
_dUk
_dKH8
041 0 _akor
_aeng
042 _aukblcatcopy
082 0 0 _a495.7321 LEE
_222
100 1 _aLee, Jeyseon,
_eauthor.
245 1 0 _aKorean standard dictionary /
_cJeyseon Lee, Kangjin Lee.
260 _aNew York, N.Y. :
_bHippocrene Books,
_cc2009.
300 _a397 p. ;
_c21 cm.
336 _atext
_2rdacontent
337 _aunmediated
_2rdamedia
338 _avolume
_2rdacarrier
490 0 _aHippocrene standard dictionary
500 _a"Korean-English/English-Korean." -- Cover and spine.
500 _aFormerly CIP.
_5Uk
650 0 _aKorean language
_vDictionaries
_xEnglish.
650 0 _aEnglish language
_vDictionaries
_xKorean.
700 1 _aYi, Kang-jin,
_d1964-
_eauthor.
942 _2ddc
_cTR